02078nam a2200421 i 4500001001000000003000900010005001700019007000300036008004100039020001800080040003000098041000800128082003000136100003500166240002600201245005500227250002200282264006400304300002800368336002700396337003300423338002800456490004400484500007000528500002100598504003900619590002700658651005600685651007200741651007200813910003700885942001400922952015300936952014201089952014701231952026101378999001701639000043600DO-SdBNP20241126133746.0ta140327s2014 dr 001 0 spa d a9789945891416 aDO-SdBNPbspacBNPHUerda hspa 4a972.93054bS998d 20142221 aSzulc, Tadeautor4aut.95745310aDominicana diarylspa10aDiario de la Guerra de Abril de 1965 /cTad Szulc. aSegunda edición 4aSanto Domingo :bAcademia Dominicana de la Historia,c2014. a409 páginas ;c23 cm. atextobtxt2rdacontent asin mediaciónbn2rdamedia avolumenbnc2rdacarrier0 aAcademia Dominicana de la Historiav113 aIncluye datos biográficos del autor en la solapa de la cubierta aIncluye índice aBibliografía : páginas 389-394 aInventariado, 2019/MFF 4aRepública Dominicana --xHistoria --y1961-96572 4aEstados UnidosxRelaciones ExterioreszRepública Dominicana96309 4aRepública DominicanaxRelaciones ExterioreszEstados Unidos96308 aValidado. Control de calidad MFF 2ddccLBS1 00102ddc56708DSaBNPHUbBNPHUcHDd2014-03-27l0oBNPHU DS 972.93054 S998d 2014p43600-30r2020-06-25te.3w2020-06-25yLBS1ZPréstamo en sala 00102ddc51708PDaBNPHUbBNPHUcHDd2014-03-27l0oBNPHU PD 972.93054 S998d 2014p43600-10r2020-06-25w2020-06-25yLBS1ZNo se presta 00102ddc51708PDaBNPHUbBNPHUcHDd2014-03-27l0oBNPHU PD 972.93054 S998d 2014p43600-20r2020-06-25te.2w2020-06-25yLBS1ZNo se presta 00102ddc56708DSaBNPHUbBNPHUcHDd2024-11-26eDonado por la Presidencia de la República Dominicana 2023.l0oBNPHU DS 972.93054 S998d 2014p2024-6688r2024-11-26te.4w2024-11-26yLBS1zPerteneció a la biblioteca personal de Emilio Cordero Michel. c43089d43089